000 00735nam a2200241 i 4500
001 148897
003 ES-MaACL
005 20240521105422.0
007 t|
008 070214s1966 sp r ||||1| spa d
080 _a308-055.2
100 1 _aSullerot, Evelyne.
_9108752
245 1 0 _aMujer, sexo y sociedad industrial /
_cEvelyne Sullerot ; [traducción de Salustiano Masó].
250 _a1ª ed.
260 _aMadrid :
_bCid,
_c1966.
300 _a346 p. ;
_c20 cm.
490 1 _aEsquemas del futuro ;
_v3
650 4 _aMujeres-
_xSituación social-
_yS.XX.
_9167814
700 0 _aMasó, Salustiano,
_d1923-
_978744
830 1 _aEsquemas del futuro ;
_v3
_9180968
852 4 _aES-MaACL
_jC-30635
999 _c148897
_d148897